000
00300nam a22001337a 4500
008
170911b xxu||||| |||| 00| 0 eng d
020
_a
0471537322
041
_a
eng
080
_2
6TH
_a
91
100
_a
42
101
_a
GJEO
245
_a
GEOGRAPHY REGIONS AND CONCEPTS
_c
BLIJ,H,J
942
_2
udc
_c
BK
999
_c
26937
_d
26937